00882nam a2200241Ia 4500001000600000003000900006008004100015040001300056040001300069041001300082100002100095100002900116245006400145245007300209250001100282260001200293260001300305260004900318300005700367500016300424650002200587650003100609H5891IT-RoPAU130308s9999 xx 000 0 und d aIT-RoPAU cIT-RoPAU aITALIANO aCigognetti Luisa gCodice Aut. SPICS: 17669 aSi può raccontare una guerra? Alcuni libri sull'argomento bGuerra in Televisione (La). I conflitti moderni tra Cronaca e Storia a1a ed. aVENEZIA bMarsilio c2003 [1° Ed.:2003 - Ed.Ling.Originale:2003] a"14 p. (prefazione: no ; testo: 14 [pagine: 19-32])" aRapporto tra Gesta Belliche e Narratore, Cosa significa Seguire un Esercito? Location, che Cos'E' un Campo di Battaglia? Tempi della Guerra. Guerra dei Media. aGENERI TELEVISIVI eCodice materia Spics: 6960